Maior do mundo - Statistics

Estatísticas Gerais
  • Esse quiz foi jogado 201 vezes
  • A pontuação média é 9 de 15
Estatísticas das Respostas
Hint Resposta % Correto
Qual o maior oceano do mundo? Pacifico
98%
Qual o maior pais do mundo? Russia
98%
Qual o maior orgão do corpo humano? Pele
97%
Qual a montanha mais alta do mundo? Everest
89%
Qual o maior osso do corpo humano? Femur
87%
Qual o rio mais comprido do mundo? Nilo
85%
Qual a maior floresta do mundo? Amazonas
74%
Qual o maior animal da terra? Baleia azul
73%
Qual a maior ave do mundo? Avestruz
58%
Qual o maior goleador da historia de futebol? Cristiano Ronaldo
53%
Edificio mais alto do mundo? Burj Khalifa
37%
Piramide mais alta do mundo? Queops
14%
Qual o maior vulcão da terra? Mauna loa
4%
Qual o maior aviao do mundo? An 225
3%
Maior aeroporto do mundo? Pequim
2%
Nenhum quiz correspondente encontrado
Distribuição das Pontuações
Porcentagem de Pessoas com Cada Pontuação
Percentil de Números Respondidos
Sua Pontuação Histórica
Você não jogou esse quiz